[Event "25th European Teams Women"]
[Site "Batumi GEO"]
[Date "2025.10.09"]
[Round "5.16"]
[Board "4"]
[White "Helgadottir, Idunn"]
[Black "Simkunaite, Gabija"]
[Result "0-1"]
[WhiteTitle "WCM"]
[BlackTitle "WFM"]
[WhiteElo "1874"]
[BlackElo "2009"]
[WhiteTeam "Iceland"]
[BlackTeam "Lithuania"]
[WhiteFideId "2314118"]
[BlackFideId "12808253"]
[EventDate "2025.10.05"]

1. d4 d5 2. c4 dxc4 3. e3 Nf6 4. Nc3 e6 5. Bxc4 c5 6. Nf3 cxd4 7. exd4 Be7 8.
O-O O-O 9. Re1 Nc6 10. a3 a6 11. Bf4 b5 12. Ba2 b4 13. Na4 Bb7 14. Nc5 Qb6 15.
axb4 Qxb4 16. Rc1 Bxc5 17. Rxc5 Rad8 18. Qc1 Nxd4 19. Nxd4 Rxd4 20. Be5 Rg4 21.
g3 Re4 22. Rd1 Rg4 23. Bb1 Bf3 24. Re1 Ba8 25. Bxf6 gxf6 26. Rh5 Rd8 27. Bxh7+
Kf8 28. Bf5 Rg8 29. Rh4 Qa5 30. Be4 Bxe4 31. Rhxe4 Ke7 32. Qc6 Rd6 33. Qc4 Rgd8
34. Kg2 Qb6 35. Qc1 Rd2 36. R4e2 Qb7+ 37. Kg1 R2d5 38. Qc3 Qb6 39. Qa3+ R8d6 40.
Qc3 Rd3 41. Qc2 a5 42. Kg2 f5 43. Qc1 Qb7+ 44. Kg1 Qf3 45. Qg5+ Kd7 46. Qf6 Qh5
47. Qe5 R6d5 48. Qb8 Ke7 49. Qf4 R3d4 50. Qc7+ Kf8 51. f4 a4 52. Qc3 Qg4 53. Kh1
Rd3 54. Qb4+ Kg7 55. Qxa4 Qf3+ 56. Kg1 Rd2 57. Qc4 Kg6 58. b4 Rd1 59. Qc8 Rd8
60. Rxe6+ Kg7 61. Qc7 Rxe1+ 62. Rxe1 Rd2 63. Qe5+ Kg6 0-1

[Event "25th European Teams Women"]
[Site "Batumi GEO"]
[Date "2025.10.09"]
[Round "5.17"]
[Board "1"]
[White "Pipiras, Filipa Fortuna"]
[Black "Dornbusch, Tatiana"]
[Result "1/2-1/2"]
[WhiteTitle "FM"]
[BlackTitle "WGM"]
[WhiteElo "2273"]
[BlackElo "2240"]
[WhiteTeam "Portugal"]
[BlackTeam "Monaco"]
[WhiteFideId "1944894"]
[BlackFideId "14107449"]
[EventDate "2025.10.05"]

1. d4 Nf6 2. c4 c5 3. d5 b5 4. cxb5 a6 5. e3 e6 6. dxe6 fxe6 7. Nc3 d5 8. Nf3
Be7 9. b3 O-O 10. a4 Bb7 11. Be2 axb5 12. Nxb5 Ne4 13. O-O Bf6 14. Rb1 Nc6 15.
Ba3 Nb4 16. Nfd4 Qb6 17. Bxb4 cxb4 18. Qe1 e5 19. Nc2 Be7 20. f3 Rac8 21. fxe4
Rxc2 22. Rxf8+ Bxf8 23. Bd3 Ra2 24. Qg3 Rd2 25. Bf1 Qf6 26. Nc7 Kh8 27. Nxd5
Bxd5 28. exd5 Bc5 29. Bc4 Qf4 30. Re1 Qxg3 31. hxg3 Kg8 32. g4 Kf8 33. Kh2 Ra2
34. e4 h6 35. Rf1+ Ke8 36. Rf5 Bd6 37. g5 hxg5 38. Rxg5 Kf7 39. Rf5+ Kg8 40. Bb5
Ra3 41. Rf3 Ra2 42. Kg3 Bc7 43. Rf2 Ra3 44. Kg4 Bd6 45. Kf5 Kf7 46. Kg5+ Kg8 47.
Bc4 Ra1 48. Kg4 Ra3 49. Kf3 Kf7 50. Ke3+ Ke7 51. Kd3 Ra1 52. Rf3 Rd1+ 53. Kc2
Re1 54. Bd3 Bc5 55. Rf1 Re3 56. Rd1 Rg3 57. Rd2 Bb6 58. Kd1 Kd6 59. Ke1 Kc5 60.
Bc2 Kd6 61. Kf1 Rc3 62. Bd1 Re3 63. Rc2 Bc5 64. Rc4 Rd3 65. Ke2 Rg3 66. Kf1 Rd3
67. Ke2 Rg3 68. Kf1 1/2-1/2

[Event "25th European Teams Women"]
[Site "Batumi GEO"]
[Date "2025.10.09"]
[Round "5.17"]
[Board "2"]
[White "Zvereva, Marija"]
[Black "Avelino, Camila Biscaya"]
[Result "0-1"]
[WhiteTitle "WIM"]
[BlackTitle "WFM"]
[WhiteElo "2003"]
[BlackElo "1942"]
[WhiteTeam "Monaco"]
[BlackTeam "Portugal"]
[WhiteFideId "4121082"]
[BlackFideId "1938975"]
[EventDate "2025.10.05"]

1. e4 c5 2. d4 cxd4 3. Qxd4 Nc6 4. Qd3 d6 5. Nc3 g6 6. Nf3 Bg7 7. Be2 Nf6 8. O-O
O-O 9. Nd5 Nxd5 10. exd5 Bf5 11. Qd1 Nb4 12. c3 Nc2 13. g4 Nxa1 14. gxf5 Qa5 15.
a4 Qb6 16. Bb5 Rfc8 17. Be3 Qa5 18. Qxa1 a6 19. Be2 Qxd5 20. fxg6 hxg6 21. Qd1
Qxd1 22. Rxd1 b5 23. Nd4 bxa4 24. Bf3 Bxd4 25. cxd4 Rab8 26. Ra1 Rc4 27. Be2 Rc2
28. Bd3 Rcxb2 29. Rxa4 R2b3 30. Be4 R8b6 31. Bd2 Rb2 32. Bc3 R2b3 33. Ba5 R6b5
34. Bc2 Rb2 35. Bd3 Rg5+ 36. Kf1 Rh5 37. Bc3 Rb3 38. Rc4 d5 39. Rc8+ Kg7 40.
Bxa6 Rxh2 41. Kg1 Rh8 42. Rc5 Ra8 43. Bb5 Ra2 44. Bc6 e6 45. Be8 Kf8 46. Bb5 Rc2
47. Bb4 Rxb4 48. Rxc2 Rxb5 49. Kf1 Rb4 50. Rd2 Kg7 51. Ke2 Kf6 52. Rd3 Rb2+ 53.
Ke3 Kf5 54. Rc3 f6 55. Ra3 g5 56. Rc3 g4 57. Ra3 e5 58. dxe5 fxe5 59. Ra8 d4+
60. Kd3 Rb3+ 61. Ke2 Ke4 62. Rg8 Rb2+ 63. Ke1 Kd3 64. Kf1 e4 65. Rxg4 e3 66.
fxe3 dxe3 67. Rg8 Rb1+ 68. Kg2 e2 69. Rd8+ Kc4 70. Rc8+ Kd5 71. Rd8+ Kc6 72.
Rc8+ Kd7 0-1

[Event "25th European Teams Women"]
[Site "Batumi GEO"]
[Date "2025.10.09"]
[Round "5.17"]
[Board "3"]
[White "Valente, Sofia"]
[Black "Ince, Safiye Oyku"]
[Result "0-1"]
[WhiteTitle "WCM"]
[BlackTitle "WCM"]
[WhiteElo "1927"]
[BlackElo "1998"]
[WhiteTeam "Portugal"]
[BlackTeam "Monaco"]
[WhiteFideId "1953494"]
[BlackFideId "6391222"]
[EventDate "2025.10.05"]

1. d4 Nf6 2. c4 e6 3. Nc3 Bb4 4. Qc2 O-O 5. Nf3 b6 6. a3 Bxc3+ 7. Qxc3 Ne4 8.
Qc2 Bb7 9. Bf4 f5 10. h4 d6 11. e3 Nd7 12. Rd1 Qe8 13. d5 e5 14. Bh2 Ndf6 15.
Ng5 Ng4 16. Bg1 Nxg5 17. hxg5 e4 18. Kd2 f4 19. Kc1 fxe3 20. f3 Nf2 21. Bxf2
exf2 22. fxe4 Qe5 23. Kb1 Rf4 24. g3 Rf3 25. Qe2 Raf8 26. Bh3 g6 27. Be6+ Kg7
28. Qf1 Qxe4+ 29. Ka1 Rxg3 30. Rh2 Qf3 31. Bh3 Rxh3 32. Rxh3 Qxd1+ 33. Qxd1 f1=Q
34. Qxf1 Rxf1+ 35. Ka2 Ba6 36. Kb3 Rf4 0-1

[Event "25th European Teams Women"]
[Site "Batumi GEO"]
[Date "2025.10.09"]
[Round "5.17"]
[Board "4"]
[White "Berezovska, Svetlana"]
[Black "Almeida, Marta Dias"]
[Result "0-1"]
[WhiteTitle "WCM"]
[BlackTitle "WCM"]
[WhiteElo "1874"]
[BlackElo "1925"]
[WhiteTeam "Monaco"]
[BlackTeam "Portugal"]
[WhiteFideId "5400740"]
[BlackFideId "1956060"]
[EventDate "2025.10.05"]

1. e4 c6 2. d4 d5 3. exd5 cxd5 4. Bd3 Nc6 5. c3 Nf6 6. h3 g6 7. Qc2 Bg7 8. Nf3
Qc7 9. O-O O-O 10. Re1 Re8 11. Bg5 Nh5 12. Nbd2 Nf4 13. Nf1 f6 14. Bxf4 Qxf4 15.
Qb3 Qd6 16. Ne3 Be6 17. Rad1 b6 18. Bb1 Bf7 19. Qc2 Rac8 20. h4 f5 21. Ng5 Bf6
22. Qe2 Bxg5 23. hxg5 Qf4 24. Qf3 Qxg5 25. Nxd5 Red8 26. Ne3 e5 27. dxe5 Nxe5
28. Qg3 Qxg3 29. fxg3 Nc6 30. Rxd8+ Rxd8 31. Rd1 Rxd1+ 32. Nxd1 Ne5 33. Ne3 Kf8
34. Kf2 Ke7 35. b3 Kd6 36. Bc2 a5 37. Ke2 Be8 38. Kf2 Bb5 39. c4 Bc6 40. a3 Kc5
41. Ke2 Kd4 42. Kd2 a4 43. Bd1 axb3 44. Bxb3 Be4 45. a4 Bd3 46. c5 bxc5 47. Bg8
h6 48. Nc2+ Bxc2 49. Kxc2 Nc4 50. Bh7 g5 51. Kb3 Na5+ 52. Kc2 f4 53. gxf4 gxf4
54. Bf5 h5 55. Bc8 h4 56. Be6 c4 57. Bd7 c3 58. Bb5 Nc4 59. Bc6 Kc5 60. Bd7 Kb4
61. Bc6 Ne3+ 62. Kc1 Nf5 63. Be8 Nd4 64. Bd7 Kb3 65. Bb5 Nxb5 66. axb5 f3 0-1

[Event "25th European Teams Women"]
[Site "Batumi GEO"]
[Date "2025.10.09"]
[Round "5.18"]
[Board "1"]
[White "Arakhamia-Grant, Ketevan"]
[Black "Valcu, Lavinia"]
[Result "1-0"]
[WhiteTitle "GM"]
[WhiteElo "2269"]
[BlackElo "2223"]
[WhiteTeam "Scotland"]
[BlackTeam "Sweden"]
[WhiteFideId "13600168"]
[BlackFideId "1752197"]
[EventDate "2025.10.05"]

1. e4 e5 2. Nf3 Nc6 3. Bc4 Nf6 4. d3 Bc5 5. c3 d6 6. O-O a5 7. Re1 Ba7 8. Nbd2
Ng4 9. Re2 f5 10. exf5 d5 11. Bb5 O-O 12. h3 Nxf2 13. Rxf2 Bxf2+ 14. Kxf2 Qe7
15. Qe2 Rxf5 16. Bxc6 bxc6 17. Kg1 Ba6 18. Qe3 Re8 19. Nf1 e4 20. Ng3 Rf6 21.
dxe4 dxe4 22. Nd4 h5 23. Bd2 c5 24. Ndf5 Qf8 25. Qg5 Bc8 26. Ne3 Rf2 27. Rf1
Rxf1+ 28. Nexf1 Be6 29. Nxh5 Bxa2 30. Ne3 Be6 31. c4 Re7 32. Bxa5 Rf7 33. Bc3 c6
34. Qg6 Bf5 35. Qxc6 Qc8 36. Qd5 Bxh3 37. Nxg7 Bg4 38. Qg5 Kf8 39. Nxg4 e3 40.
Nxe3 1-0

[Event "25th European Teams Women"]
[Site "Batumi GEO"]
[Date "2025.10.09"]
[Round "5.18"]
[Board "2"]
[White "Ostensson, Julia"]
[Black "Rutherford, Kathleen"]
[Result "1-0"]
[WhiteElo "1994"]
[BlackElo "1806"]
[WhiteTeam "Sweden"]
[BlackTeam "Scotland"]
[WhiteFideId "1747703"]
[BlackFideId "2404117"]
[EventDate "2025.10.05"]

1. e4 c5 2. Nf3 b6 3. d4 cxd4 4. Nxd4 Bb7 5. Nc3 a6 6. g3 e6 7. Bg2 Bb4 8. Ne2
Nf6 9. O-O Nc6 10. Bf4 O-O 11. Qd3 Be7 12. Rfd1 d5 13. a3 dxe4 14. Nxe4 Qxd3 15.
Rxd3 Nd5 16. Bd6 Rfd8 17. Bxe7 Ndxe7 18. Nd6 Rab8 19. Nxb7 Rxd3 20. cxd3 Rxb7
21. Rc1 Rd7 22. Bxc6 Rxd3 23. Be4 Rd2 24. Rc2 Rd1+ 25. Kg2 f5 26. Bb7 a5 27. Nc3
Rd7 28. Ba6 e5 29. Bc4+ Kf8 30. Re2 Rd4 31. Bb3 e4 32. f3 exf3+ 33. Kxf3 Nc6 34.
Re6 Nd8 35. Rxb6 Rd2 36. Ba4 Rxh2 37. Rb8 Ke7 38. Nd5+ 1-0

[Event "25th European Teams Women"]
[Site "Batumi GEO"]
[Date "2025.10.09"]
[Round "5.18"]
[Board "3"]
[White "Donitova-Johnstone, Darima"]
[Black "Wickstrom, Carina"]
[Result "0-1"]
[WhiteElo "1800"]
[BlackElo "1915"]
[WhiteTeam "Scotland"]
[BlackTeam "Sweden"]
[WhiteFideId "2410036"]
[BlackFideId "1743201"]
[EventDate "2025.10.05"]

1. e4 c6 2. Nc3 d5 3. Qf3 d4 4. Bc4 e6 5. Nce2 c5 6. Qg3 Bd7 7. a4 Ne7 8. Nf3
Ng6 9. h4 Nc6 10. h5 Nge7 11. d3 Na5 12. Ne5 Nec6 13. Ng4 h6 14. Bd2 Nxc4 15.
dxc4 a5 16. b3 Be7 17. O-O Qb8 18. e5 Qc7 19. f4 O-O-O 20. Nf2 g6 21. Qh2 Rdg8
22. Ne4 gxh5 23. Qxh5 Rg7 24. Rf2 Nd8 25. Re1 b6 26. N2g3 Rhg8 27. Qh3 Bc6 28.
f5 Rg4 29. Bf4 Qb7 30. f6 Bf8 31. Kh2 Kb8 32. Qh5 R4g6 33. Qe2 Rg4 34. Kh3 h5
35. Nxh5 R4g6 36. Neg3 Bh6 37. Bxh6 Rxh6 38. Ne4 Bxe4 39. g4 Bg6 40. Rf4 Qd7 41.
Rd1 Qe8 42. Rd3 Bxd3 43. Qxd3 Qc6 44. Rf3 Rg5 45. Qe2 Rhg6 46. Qg2 Qe4 47. Nf4
Rg8 48. Qg3 Qh7+ 49. Nh5 Rxh5+ 50. gxh5 Rxg3+ 51. Rxg3 Qxh5+ 52. Kg2 Qxe5 0-1

[Event "25th European Teams Women"]
[Site "Batumi GEO"]
[Date "2025.10.09"]
[Round "5.18"]
[Board "4"]
[White "Andersson, Elsa"]
[Black "Reid, Caitlin"]
[Result "1-0"]
[WhiteElo "1880"]
[BlackElo "1652"]
[WhiteTeam "Sweden"]
[BlackTeam "Scotland"]
[WhiteFideId "1757300"]
[BlackFideId "2405059"]
[EventDate "2025.10.05"]

1. e4 c5 2. Nf3 Nc6 3. d4 cxd4 4. Nxd4 g6 5. Nc3 Bg7 6. Be3 d6 7. Qd2 Nf6 8. f3
Nxd4 9. Bxd4 O-O 10. g4 Qa5 11. O-O-O Be6 12. Kb1 Rfc8 13. a3 a6 14. h4 b5 15.
h5 b4 16. Na2 Bxa2+ 17. Kxa2 Rab8 18. h6 Bh8 19. Kb1 Qa4 20. b3 bxa3 21. Ka2 Qc6
22. Bc4 Rc7 23. g5 Nd7 24. Bxh8 Kxh8 25. Qd4+ f6 26. f4 Rd8 27. gxf6 exf6 28.
Qxd6 Qxd6 29. Rxd6 Re8 30. Rhd1 Nc5 31. Rd8 Re7 32. Bf7 Nxe4 33. Bxe8 Nc3+ 34.
Kxa3 Kg8 35. Bxg6+ 1-0

[Event "25th European Teams Women"]
[Site "Batumi GEO"]
[Date "2025.10.10"]
[Round "6.1"]
[Board "1"]
[White "Kashlinskaya, Alina"]
[Black "Dzagnidze, Nana"]
[Result "1-0"]
[WhiteTitle "IM"]
[BlackTitle "GM"]
[WhiteElo "2450"]
[BlackElo "2496"]
[WhiteTeam "Poland"]
[BlackTeam "Georgia 1"]
[WhiteFideId "4198026"]
[BlackFideId "13601903"]
[EventDate "2025.10.05"]

1. e4 c5 2. Nc3 Nc6 3. Nge2 e5 4. Ng3 d6 5. Bc4 g6 6. d3 Bg7 7. f4 exf4 8. Bxf4
Nge7 9. O-O Be6 10. Nd5 O-O 11. Qd2 Qd7 12. Bh6 Bxd5 13. Bxg7 Kxg7 14. Qg5 f5
15. Bxd5 Nxd5 16. exd5 Nb4 17. Rae1 Nxd5 18. Nh5+ Kh8 19. c4 gxh5 20. cxd5 Rae8
21. Qxh5 Re5 22. Qh6 Kg8 23. Re3 Qe7 24. Rfe1 Rxe3 25. Rxe3 Qf6 26. Qxf6 Rxf6
27. Re7 f4 28. Rxb7 f3 29. Rxa7 fxg2 30. a4 Rf3 31. a5 Rxd3 32. a6 Rd1+ 33. Kxg2
Ra1 34. Kf3 Kf8 35. Kf4 Ke8 36. Kf5 Kd8 37. Ke6 Kc8 38. Kxd6 Kb8 39. Rb7+ Ka8
40. Rxh7 c4 41. Kc5 Rxa6 42. d6 1-0

[Event "25th European Teams Women"]
[Site "Batumi GEO"]
[Date "2025.10.10"]
[Round "6.1"]
[Board "2"]
[White "Batsiashvili, Nino"]
[Black "Maltsevskaya, Aleksandra"]
[Result "0-1"]
[WhiteTitle "GM"]
[BlackTitle "IM"]
[WhiteElo "2469"]
[BlackElo "2394"]
[WhiteTeam "Georgia 1"]
[BlackTeam "Poland"]
[WhiteFideId "13602993"]
[BlackFideId "24174041"]
[EventDate "2025.10.05"]

1. d4 d5 2. Nf3 e6 3. Bf4 Nf6 4. e3 Be7 5. Bd3 a6 6. O-O O-O 7. Nbd2 c5 8. dxc5
Bxc5 9. e4 Nh5 10. Bg5 f6 11. Be3 Bxe3 12. fxe3 dxe4 13. Nxe4 f5 14. Neg5 Nc6
15. Bc4 Qe7 16. Qe1 h6 17. Nh3 Bd7 18. Nd4 Kh7 19. Qe2 Nf6 20. c3 Ng4 21. Bd3 g6
22. Nf4 Nge5 23. Bc2 Rae8 24. Rad1 Qg5 25. a4 Nxd4 26. exd4 Ng4 27. h3 Nf6 28.
Rf2 Nd5 29. Qd2 Bc6 30. Nxd5 Bxd5 31. Qxg5 hxg5 32. a5 e5 33. Ba4 Re6 34. dxe5
Rxe5 35. Rfd2 Be4 36. b4 Rc8 37. Rd7+ Kh6 38. Rc1 g4 39. hxg4 fxg4 40. Re1 Rxc3
41. Rd2 Rd5 42. Rxd5 Bxd5 43. Re5 Rd3 44. Kf2 Rd4 45. Be8 Kg7 46. Rg5 Kf6 47.
Rxg6+ Ke7 48. Ba4 Rxb4 49. Bd1 Rb2+ 50. Ke3 Rxg2 51. Rxg4 Rb2 52. Be2 Ra2 53.
Rg5 Rxa5 54. Kd4 Ra4+ 55. Kc5 Bf3 56. Re5+ Kf6 57. Re3 Bxe2 58. Rxe2 b5 59. Rb2
Ke5 60. Re2+ Re4 61. Rh2 Rc4+ 62. Kb6 Ra4 63. Kc5 b4 64. Re2+ Kf4 65. Kd4 a5 66.
Rf2+ Kg3 67. Rf5 Ra3 68. Kc4 Rc3+ 69. Kd4 Ra3 70. Kc4 Kg4 71. Rf8 b3 72. Kc3 a4
73. Kb2 Ra2+ 74. Kb1 Re2 75. Rb8 Kf3 76. Rb7 Ke3 77. Rb4 Kd3 78. Rb8 Kc3 79.
Rc8+ Kb4 80. Rc1 a3 81. Rh1 a2+ 82. Ka1 Ka3 0-1

[Event "25th European Teams Women"]
[Site "Batumi GEO"]
[Date "2025.10.10"]
[Round "6.1"]
[Board "3"]
[White "Kiolbasa, Oliwia"]
[Black "Javakhishvili, Lela"]
[Result "1/2-1/2"]
[WhiteTitle "IM"]
[BlackTitle "IM"]
[WhiteElo "2388"]
[BlackElo "2423"]
[WhiteTeam "Poland"]
[BlackTeam "Georgia 1"]
[WhiteFideId "1154613"]
[BlackFideId "13601458"]
[EventDate "2025.10.05"]

1. e4 e5 2. Nf3 Nc6 3. d4 exd4 4. Bc4 Nf6 5. e5 Ne4 6. Qe2 Nc5 7. O-O Be7 8. Rd1
Ne6 9. c3 d5 10. exd6 cxd6 11. cxd4 d5 12. Bb3 O-O 13. Nc3 Nc7 14. Bf4 Bd6 15.
Bxd6 Qxd6 16. h3 Bf5 17. Nh4 Be6 18. Qh5 Qf4 19. Nf3 Rad8 20. Rac1 g6 21. Qg5
Qxg5 22. Nxg5 Bc8 23. Ba4 Bd7 24. Ne2 f6 25. Nf3 Ne6 26. Ne1 h5 27. Kf1 Ne7 28.
Bxd7 Rxd7 29. Nd3 b6 30. Ndf4 Nxf4 31. Nxf4 Kf7 32. Rc3 Rc8 33. Rxc8 Nxc8 34.
Rc1 Ne7 35. Ke2 h4 36. Kd3 g5 37. Ne2 Ke6 38. a4 Kd6 39. Nc3 a6 40. Nd1 Rd8 41.
Ne3 f5 42. f3 Rf8 43. Rf1 Ng6 44. Rc1 Nf4+ 45. Kd2 Ne6 46. Kd3 Nf4+ 47. Kd2 Ne6
48. Kd3 Nf4+ 1/2-1/2

[Event "25th European Teams Women"]
[Site "Batumi GEO"]
[Date "2025.10.10"]
[Round "6.1"]
[Board "4"]
[White "Arabidze, Meri"]
[Black "Socko, Monika"]
[Result "1/2-1/2"]
[WhiteTitle "IM"]
[BlackTitle "GM"]
[WhiteElo "2417"]
[BlackElo "2356"]
[WhiteTeam "Georgia 1"]
[BlackTeam "Poland"]
[WhiteFideId "13604040"]
[BlackFideId "1106619"]
[EventDate "2025.10.05"]

1. d4 Nf6 2. c4 e6 3. Nc3 Bb4 4. Qc2 d6 5. e3 c5 6. Nf3 Nc6 7. dxc5 dxc5 8. Bd2
Bd7 9. Be2 Qe7 10. h3 h6 11. a3 Ba5 12. g4 Bc7 13. Rg1 O-O-O 14. O-O-O Kb8 15.
Nb5 Bc8 16. Nxc7 Qxc7 17. Bc3 e5 18. g5 Rxd1+ 19. Bxd1 Ne8 20. h4 hxg5 21. hxg5
f6 22. gxf6 gxf6 23. Be2 Nd6 24. Qg6 Qe7 25. Qg7 Qxg7 26. Rxg7 Bf5 27. b4 cxb4
28. axb4 a6 29. Kb2 Rh1 30. Rg1 Rxg1 31. Nxg1 Kc7 32. Be1 Be6 33. Kc3 b6 34. Nf3
a5 35. b5 Ne4+ 36. Kd3 Nc5+ 37. Kc3 Nd8 38. Nd2 Ndb7 39. f3 Nd6 40. Bh4 f5 41.
Bf6 Nd7 42. Be7 Nb7 43. Nb3 Ndc5 44. Nxc5 Nxc5 45. Bd1 Bf7 46. Bc2 Be6 47. f4
exf4 48. exf4 Kd7 49. Bf8 Ne4+ 50. Kd4 Nd2 51. Bd3 Nf3+ 52. Kc3 Nh4 53. c5 bxc5
54. Bxc5 Ng2 55. b6 Bd5 56. Kd4 Nxf4 57. Bb5+ Bc6 58. b7 Ne6+ 59. Ke5 Kc7 60.
Bd6+ Kxb7 1/2-1/2

[Event "25th European Teams Women"]
[Site "Batumi GEO"]
[Date "2025.10.10"]
[Round "6.2"]
[Board "1"]
[White "Ushenina, Anna"]
[Black "Wagner, Dinara"]
[Result "1/2-1/2"]
[WhiteTitle "GM"]
[BlackTitle "IM"]
[WhiteElo "2407"]
[BlackElo "2410"]
[WhiteTeam "Ukraine"]
[BlackTeam "Germany"]
[WhiteFideId "14110911"]
[BlackFideId "24157570"]
[EventDate "2025.10.05"]

1. e4 c5 2. c3 d5 3. exd5 Qxd5 4. d4 Nf6 5. Nf3 Nc6 6. dxc5 Qxd1+ 7. Kxd1 Bf5 8.
Be3 Nd5 9. Bb5 e5 10. Nbd2 O-O-O 11. Bxc6 bxc6 12. Nxe5 Nxe3+ 13. fxe3 Bxc5 14.
Re1 Rhe8 15. Nxc6 Rd3 16. Nd4 Bg6 17. Rc1 Kb7 18. e4 Rxe4 19. Rxe4 Bxe4 20. Ke2
Bxd4 21. cxd4 Rxd4 22. Nxe4 Rxe4+ 23. Kd3 f5 24. h3 h5 25. Rc5 g6 26. Kd2 Kb6
27. Rd5 Kc6 28. Ra5 Kb6 29. Rd5 Kc6 30. Ra5 Kb6 1/2-1/2

[Event "25th European Teams Women"]
[Site "Batumi GEO"]
[Date "2025.10.10"]
[Round "6.2"]
[Board "2"]
[White "Klek, Hanna Marie"]
[Black "Gaponenko, Inna"]
[Result "1/2-1/2"]
[WhiteTitle "WGM"]
[BlackTitle "IM"]
[WhiteElo "2328"]
[BlackElo "2340"]
[WhiteTeam "Germany"]
[BlackTeam "Ukraine"]
[WhiteFideId "24670057"]
[BlackFideId "14101181"]
[EventDate "2025.10.05"]

1. e4 e5 2. Nf3 Nf6 3. Nxe5 d6 4. Nf3 Nxe4 5. d4 d5 6. Bd3 Be7 7. O-O Bf5 8. Re1
O-O 9. c4 c6 10. Qb3 dxc4 11. Bxc4 Nd6 12. Bf1 Nd7 13. Nc3 Nf6 14. Bf4 Bg4 15.
Rad1 Re8 16. d5 c5 17. Nb5 Bf8 18. Rxe8 Nfxe8 19. h3 Bxf3 20. Qxf3 Nxb5 21. Bxb5
Nd6 22. Bd3 Qf6 23. Qg3 Re8 24. Bd2 Qe5 25. Qh4 h6 26. Bc3 Qg5 27. Qa4 a6 28.
Bb1 Re2 29. Bd3 Re8 30. Bb1 Re2 31. Bd3 1/2-1/2

[Event "25th European Teams Women"]
[Site "Batumi GEO"]
[Date "2025.10.10"]
[Round "6.2"]
[Board "3"]
[White "Zhukova, Natalia"]
[Black "Safarli, Josefine"]
[Result "1/2-1/2"]
[WhiteTitle "GM"]
[BlackTitle "WGM"]
[WhiteElo "2305"]
[BlackElo "2276"]
[WhiteTeam "Ukraine"]
[BlackTeam "Germany"]
[WhiteFideId "14101513"]
[BlackFideId "12900460"]
[EventDate "2025.10.05"]

1. c4 e6 2. Nc3 d5 3. d4 c5 4. e3 Nf6 5. Nf3 Nc6 6. a3 dxc4 7. Bxc4 a6 8. Bd3
cxd4 9. exd4 g6 10. O-O Bg7 11. Bg5 h6 12. Be3 O-O 13. Rc1 Nd5 14. Nxd5 exd5 15.
Qd2 Kh7 16. Ne5 Nxe5 17. dxe5 Bxe5 18. f4 Bf6 19. f5 g5 20. Bc5 Re8 21. Qb4 Kg7
22. Rfe1 Bd7 23. Qxb7 Bb5 24. Bxb5 axb5 25. Qxb5 Rxe1+ 26. Rxe1 Rb8 27. Qd3 Rxb2
28. Bd4 Ra2 29. h3 Bxd4+ 30. Qxd4+ Qf6 31. Qxd5 1/2-1/2

[Event "25th European Teams Women"]
[Site "Batumi GEO"]
[Date "2025.10.10"]
[Round "6.2"]
[Board "4"]
[White "Schulze, Lara"]
[Black "Piddubna, Bozhena"]
[Result "1/2-1/2"]
[WhiteTitle "FM"]
[BlackTitle "WFM"]
[WhiteElo "2319"]
[BlackElo "2265"]
[WhiteTeam "Germany"]
[BlackTeam "Ukraine"]
[WhiteFideId "12956830"]
[BlackFideId "34109293"]
[EventDate "2025.10.05"]

1. e4 e5 2. Nf3 Nc6 3. Bb5 a6 4. Ba4 Nf6 5. O-O Be7 6. d3 b5 7. Bb3 d6 8. a3 O-O
9. Nc3 Be6 10. Nd5 a5 11. Re1 h6 12. h3 a4 13. Ba2 Qd7 14. c3 Bd8 15. d4 exd4
16. Nxd4 Nxd4 17. Qxd4 Nxd5 18. exd5 Bf5 19. Be3 Bf6 20. Qb4 Rfe8 21. Bb1 Bxb1
22. Raxb1 Re5 23. Red1 Rae8 24. c4 bxc4 25. Qxc4 Re4 26. Qc2 Bg5 27. Bxg5 hxg5
28. Rbc1 R8e7 29. Qd2 Qf5 30. Re1 g4 31. Rxe4 Qxe4 32. hxg4 Qxg4 33. Re1 Re4 34.
Rxe4 Qxe4 35. Qd1 g6 36. g3 Qc4 37. Kh2 Kg7 38. Kh3 Qe4 39. Kh2 Qc4 40. Kh3 Kg8
41. Kh2 Kg7 1/2-1/2

[Event "25th European Teams Women"]
[Site "Batumi GEO"]
[Date "2025.10.10"]
[Round "6.3"]
[Board "1"]
[White "Fataliyeva, Ulviyya"]
[Black "Mkrtchian, Lilit"]
[Result "1-0"]
[WhiteTitle "IM"]
[BlackTitle "IM"]
[WhiteElo "2410"]
[BlackElo "2377"]
[WhiteTeam "Azerbaijan"]
[BlackTeam "Armenia"]
[WhiteFideId "13403052"]
[BlackFideId "13300601"]
[EventDate "2025.10.05"]

1. e4 e6 2. d4 d5 3. Nc3 Nf6 4. e5 Nfd7 5. f4 c5 6. Nf3 Nc6 7. Be3 a6 8. Ne2 Qb6
9. Qc1 Be7 10. h4 f6 11. c3 O-O 12. h5 h6 13. Rh3 Rf7 14. Kf2 a5 15. Kg1 f5 16.
c4 dxc4 17. d5 exd5 18. Nc3 Nb4 19. a3 Nd3 20. Bxd3 cxd3 21. Nxd5 Qc6 22. Qc4
Bf8 23. Ne7+ Bxe7 24. e6 Qe4 25. exf7+ Kf8 26. Qc1 b6 27. Qd2 Bb7 28. Re1 Qd5
29. Ne5 Nxe5 30. fxe5 Rd8 31. Bxh6 Qe6 32. Bxg7+ Kxg7 33. Rg3+ Kxf7 34. Rg6 Qxg6
35. hxg6+ Kxg6 36. Re3 c4 37. Rg3+ Kf7 38. Qh6 1-0

[Event "25th European Teams Women"]
[Site "Batumi GEO"]
[Date "2025.10.10"]
[Round "6.3"]
[Board "2"]
[White "Mkrtchyan, Mariam"]
[Black "Balajayeva, Khanim"]
[Result "1/2-1/2"]
[WhiteTitle "WIM"]
[BlackTitle "IM"]
[WhiteElo "2318"]
[BlackElo "2351"]
[WhiteTeam "Armenia"]
[BlackTeam "Azerbaijan"]
[WhiteFideId "13310828"]
[BlackFideId "13406396"]
[EventDate "2025.10.05"]

1. d4 d5 2. Nf3 e6 3. c4 Nd7 4. Nc3 Ngf6 5. Bf4 dxc4 6. e3 b5 7. Nxb5 Bb4+ 8.
Nd2 Nd5 9. Bg3 N7b6 10. a3 Ba5 11. Rc1 O-O 12. Nc3 Bb7 13. Bxc4 Nxc4 14. Nxc4
Bxc3+ 15. bxc3 Nb6 16. Nxb6 axb6 17. O-O Qd5 18. f3 Ba6 19. Rf2 Qc6 20. e4 Bc4
21. Ra1 Ra7 22. Qb1 Ra4 23. h3 Rfa8 24. Qc1 b5 25. Kh2 h6 26. h4 Qd7 27. Rb2 Qe7
28. Rb4 R4a6 29. Qb2 c6 30. Qc1 Kh7 31. Qb2 Kg8 32. Qc1 Kh7 33. Qb2 1/2-1/2